Škola prednesu violino e pianoforte.
Uložené v:
| Médium: | Kniha |
|---|---|
| Jazyk: | Slovak Italian |
| Vydané: |
Praha Bratislava :
Supraphon,
1969.
|
| Vydanie: | 2. vyd. |
| ISBN: |
(brož.) |
| Fyzický popis: |
27 s. : 3 hlasy. |
| Tagy: |
Pridať tag
Žiadne tagy, Buďte prvý kto otaguje tento záznam!
|
Titul je dostupný aj v ... 

MARC
| LEADER | 00000nam a2200000 a 4500 | ||
|---|---|---|---|
| 001 | 000155430 | ||
| 005 | 20101015091904.0 | ||
| 008 | 040101s1969 xr e slo d | ||
| 020 | |a (brož.) |c Kčs 10,00 | ||
| 040 | |a SVKKK |b slo |c SVKKK |e AACR2 | ||
| 041 | 0 | |a slo |a ita | |
| 044 | |a xr |a xo |c CZ |c SK | ||
| 245 | 0 | 0 | |a Škola prednesu |h hudobnina |b violino e pianoforte. |
| 250 | |a 2. vyd. | ||
| 260 | |a Praha |a Bratislava : |b Supraphon, |c 1969. | ||
| 300 | |a 27 s. : |b 3 hlasy. | ||
| 500 | |a Obsahuje diela Bacha, Beethovena a Corelliho | ||
| 910 | |a svkkk | ||
| 998 | |a BK | ||
| 090 | |g SCKHL |k Sklad Pribinova 3. posch. |a V.73130 |j 426211 |i 155430-10 |s Absenčne | ||